000 00822nam a2200217Ia 4500
001 17148
003 GE_BSU
008 181216s||||||||xx |||||||||||||| ||und||
040 _cGE_BSU
080 _a821.353.1 + 821.353.1-311.6
100 _aგამსახურდია, კ. (კონსტანტინე, 1891-1975)
245 _aთხზულებანი 10 ტომად. ტ. 2 : დავით აღმაშენებელი
245 _bრომანი-ტეტრალოგია
260 _aთბილისი
260 _bსაბჭ. საქართველო
260 _c1974
300 _a702 გვ. 22 სმ
653 _aდავით აღმაშენებელი
653 _aრომანი-ტეტრალოგია
942 _cBK
999 _c50210
_d50210